02157 2201021 4500001002100000005001500021035002000036008004100056245006900097100002200166250000600188260003100194300001200225020002200237084001400259082000800273650001400281990001200295990001200307990001200319990001200331990001200343990001200355990001200367990001200379990001200391990001200403990001200415990001200427990001200439990001200451990001200463990001200475990001200487990001200499990001200511990001200523990001200535990001200547990001200559990001200571990001200583990001200595990001200607990001200619990001200631990001200643990001200655990001200667990001200679990001200691990001200703990001200715990001200727990001200739990001200751990001200763990001200775990001200787990001200799990001200811990001200823990001200835990001200847990001200859990001200871990001200883990001200895990001200907990001200919990001200931990001200943990001200955990001200967990001200979990001200991990001201003990001201015990001201027990001201039990001201051990001201063990001201075990001201087990001201099990001201111990001201123INLIS00000000000126020240712102953 a0010-0524000495240712 0 ind 1 aWaskita Basa Lan Sastra Jawa Kelas X /cLucia Yuyun Dian S, M.Pd aYuyun Dian, Lucia a1 aJakarta :bErlangga,c2022 a174 hlm a978-623-266-854-6 a419 LUC w a419 4aNon Fiksi a0747699 a0747700 a0747701 a0747702 a0747703 a0747704 a0747705 a0747706 a0747707 a0747708 a0747709 a0747710 a0747711 a0747712 a0747713 a0747714 a0747715 a0747716 a0747717 a0747718 a0747719 a0747720 a0747721 a0747722 a0747723 a0747724 a0747725 a0747726 a0747727 a0747728 a0747729 a0747730 a0747731 a0747732 a0747733 a0747734 a0747735 a0747736 a0747737 a0747738 a0747739 a0747740 a0747741 a0747742 a0747743 a0747744 a0747745 a0747746 a0747747 a0747748 a0747749 a0747750 a0747751 a0747752 a0747753 a0747754 a0747755 a0747756 a0747757 a0747758 a0747759 a0747760 a0747761 a0747762 a0747763 a0747764 a0747765 a0747766 a0747767 a0747768